000 01585nam0a22002891 4500
001 rc\2807192
005 20250529180729.0
035 _a(NLR Aleph) 006933088
090 _a7567820
_c7567820
100 _a20110915d1936 |||y0rusy50 ca
101 0 _arus
102 _aRU
105 _aa z |||||
200 1 _aГибриды терна и алычи и проблема происхождения культурной сливы
_fВ. А. Рыбин
210 _aЛенинград
_aМосква
_cИзд-во Всес. акад. с.-х. наук им. В. И. Ленина. Ленингр. филиал
_d1936
_e[Ленинград]
_gтип. "Печатня"
215 _aОбл., 44 с., [5] л. ил.
_cил.
_d25х17 см.
225 1 _aТруды по прикладной ботанике, генетике и селекции. Серия II. Генетика, селекция и цитология растений
_fВсес. акад. с.-х. наук им. В. И. Ленина. Всес. ин-т растениеводства
_v№ 10
225 1 _a[Труды]. Серия 4. Генетика сельскохозяйсственных растений
_v№ 19
300 _aРезюме на англ. яз.
320 _aБиблиогр.: "Литература" (с. 39-40)
700 1 _7ca
_8rus
_aРыбин
_bВ. А.
_cд-р биол. наук
_f1893-1979
_gВладимир Алексеевич
_9265941
_3RU\NLR\AUTH\770265997
801 0 _aRU
_bNLR
_gpsbo
801 1 _aRU
_bELAR
_2rusmarc
852 _aNLR
_jП13/28
942 _cBOOK
980 _aNB